00620 2200229 4500001002100000005001500021035002000036007000300056008004100059100001700100245005200117300003600169082000800205084001400213090001600227260004000243850001000283020002200293650003600315700002100351990001800372INLIS00000000000359020260529113420 a0010-0621000122ta260529 0 0 aTri Yulianto1 aEnsiklopedia Teknologi Robotika /cTri Yulianto aiv, 60 hlm. :billus. ;c29 Cm. a603 a603 TRI e a602.6 NUR m a--Semarang :bBengawan Ilmu,c2008. aPUPAD a978-979-021-454-5 4aensiklopedia teknologi robotika0 aeditor: DIdik S. a13577/BR/2010